书目信息 |
| 题名: |
煤的微量元素地球化学
|
|
| 作者: | 任德贻 , 赵峰华 , 代世峰 著 | |
| 分册: | ||
| 出版信息: | 北京 科学出版社 2006.09 |
|
| 页数: | 556页, VI页图版 | |
| 开本: | 27cm | |
| 丛书名: | ||
| 单 册: | ||
| 中图分类: | P618.110.4 | |
| 科图分类: | ||
| 主题词: | 煤--mei--微量元素--地球化学 | |
| 电子资源: | ||
| ISBN: | 7-03-017621-9 | |
| 000 | 01107nam0 2200289 450 | |
| 001 | 012006490734 | |
| 005 | 20061130110612.01 | |
| 010 | @a7-03-017621-9@b精装@dCNY80.00 | |
| 100 | @a20061112d2006 km y0chiy0120 ea | |
| 101 | 0 | @achi |
| 102 | @aCN@b110000 | |
| 105 | @aabf a 000yy | |
| 200 | 1 | @a煤的微量元素地球化学@Amei de wei liang yuan su di qiu hua xue@f任德贻 … [等] 著@Fren de yi…[deng]zhu |
| 210 | @a北京@c科学出版社@d2006.09 | |
| 215 | @a556页, VI页图版@c图 (部分彩图) , 地图@d27cm | |
| 304 | @a题名页题: 任德贻、 赵峰华、代世峰、张军营、雒昆利著 | |
| 312 | @a并列题名取自封底 | |
| 320 | @a有书目 (第510-551页) | |
| 330 | @a本书系统论述了中国煤中23种主要微量元素的地球化学性质、赋存状态和地质成因,引入了储量权值的概念,评估了中国煤中煤量元素的含量和分布,使其较为接近实际。 | |
| 510 | 1 | @aGeochemistry of trace elements in coal@zeng |
| 606 | 0 | @a煤@Amei@x微量元素@x地球化学 |
| 690 | @aP618.110.4@v4 | |
| 701 | 0 | @a任德贻@Aren de yi@4著 |
| 701 | 0 | @a赵峰华@Azhao feng hua@4著 |
| 701 | 0 | @a代世峰@Adai shi feng@4著 |
| 801 | 0 | @aCN@c20061130 |
| 905 | @a10447@dP618.110.4@eR448 | |
| 煤的微量元素地球化学/任德贻 … [等] 著.-北京:科学出版社,2006.09 |
| 556页, VI页图版:图 (部分彩图) , 地图;27cm |
| ISBN 7-03-017621-9(精装):CNY80.00 |
| 本书系统论述了中国煤中23种主要微量元素的地球化学性质、赋存状态和地质成因,引入了储量权值的概念,评估了中国煤中煤量元素的含量和分布,使其较为接近实际。 |
| ● |
| 相关链接 |
|
|
|
正题名:煤的微量元素地球化学
索取号:P618.110.4/R448
 
预约/预借
| 序号 | 登录号 | 条形码 | 馆藏地/架位号 | 状态 | 备注 |
| 1 | 227402 | 202274029 | 期刊室512/401自科库 125排2列1层/ [索取号:P618.110.4/R448] | 在馆 | |
| 2 | 227403 | 202274038 | 自科库401/401自科库 130排2列3层/ [索取号:P618.110.4/R448] | 在馆 |